000 00402cam a22001453 4500
020 _a9789250072531
020 _a9250072538
040 _cBTCTA
082 _a639 FOO 2012 A056 Or.
245 0 0 _aFao Yearbook. Fishery and Aquaculture Statistics
_b2010.
260 _bFood and Agriculture Organization
_c2012.
300 _a24, 78 p.
_c30 cm.
500 _aincludes CD-ROM in back of book
942 _cEK
999 _c15723
_d15723